Начальныя основания деятельныя врачебныя науки // О лихорадках (Запись № 9684858)

Подробности
000 -МАРКЕР
контрольное поле 02946nam1a22004091 4500
001 - ИДЕНТИФИКАТОР ЗАПИСИ
контрольное поле RU\NLR\A1\22068
005 - ИДЕНТИФИКАТОР ВЕРСИИ
контрольное поле 20260409064839.0
035 ## - ДРУГИЕ СИСТЕМНЫЕ НОМЕРА
Идентификатор записи (NLR Aleph) 009676535
100 ## - ДАННЫЕ ОБЩЕЙ ОБРАБОТКИ
Данные общей обработки 19980622d1790 u y0rusy50 ca
101 0# - ЯЗЫК РЕСУРСА
Язык текста, звукозаписи и т.д. русский
102 ## - СТРАНА ПУБЛИКАЦИИ ИЛИ ПРОИЗВОДСТВА
Страна публикации Российская Федерация
200 1# - ЗАГЛАВИЕ И СВЕДЕНИЯ ОБ ОТВЕТСТВЕННОСТИ
Основное заглавие Начальныя основания деятельныя врачебныя науки
Первые сведения об ответственности Сочинение Матвея Пекена, надворнаго советника и профессора при Кронштатском врачебном училище
Последующие сведения об ответственности Печатано по соизволению и одобрению Государственной Медицинской коллегии
210 ## - ПУБЛИКАЦИЯ, РАСПРОСТРАНЕНИЕ И ДР.
Место издания, распространения и т.д. СПб.
Имя издателя, распространителя и т. д. При Шляхет. Сухопут. кадет. корпусе
Дата издания, распространения и т.д. 1790
215 ## - ФИЗИЧЕСКАЯ ХАРАКТЕРИСТИКА
Размеры
305 ## - ПРИМЕЧАНИЯ О ДАТЕ ОСНОВАНИЯ ИЗДАНИЯ
Текст примечания Имеется титул. изд. 1791 г., выпущенное под загл.: О лихорадках. Первонач. тит. л. сохранен.
320 ## - ПРИМЕЧАНИЯ О НАЛИЧИИ В ДОКУМЕНТЕ БИБЛИОГРАФИИ / УКАЗАТЕЛЯ
Текст примечания В предисл. - краткий обзор рус. изд. по медицине.
321 1# - ПРИМЕЧАНИЯ ОБ ОТДЕЛЬНО ИЗДАННЫХ УКАЗАТЕЛЯХ / РЕФЕРАТАХ / ССЫЛКАХ, ОТРАЖАЮЩИХ КАТАЛОГИЗИРУЕМЫЙ ДОКУМЕНТ
Примечания об указателях, рефератах, ссылках СК XVIII 5137
451 #1 - ДРУГОЕ ИЗДАНИЕ [КАТАЛОГИЗИРУЕМОГО ДОКУМЕНТА] НА АНАЛОГИЧНОМ НОСИТЕЛЕ
Встроенное поле 001RU\NLR\A1\22075
-- 2001#$aО лихорадках$fСочинение Матвея Пекена, надворнаго советника и профессора при Кронштатском врачебном училище$gПечатано по соизволению и одобрению Государственной Медицинской коллегии
-- 700#1$aПекен$bМ.Х.$f1755-1819$gМатвей Христианович$4070
Системный номер (АБИС) связанной записи 9684882
Автор Пекен, М.Х. (1755-1819)
Место публикации В Санктпетербурге
Дата публикации 1791
Первые сведения об ответственности сочинение Матвея Пекена, надворнаго советника и профессора при Кронштатском врачебном училище.
Имя издателя, распространителя и т.д. при Императорском Шляхетном сухопутном кадетском корпусе
Физическая характеристика [26], 448 с.
Заглавие О лихорадках
URL https://vivaldi.nlr.ru/bx000025082/view
463 #0 - УРОВЕНЬ ФИЗИЧЕСКОЙ ЕДИНИЦЫ
Встроенное поле 001RU\NLR\A1\22069
-- 2001#$aО лихорадках
Системный номер (АБИС) связанной записи 13474902
Дата публикации 1790
Физическая характеристика [23], 448 с.
Заглавие О лихорадках
518 1# - ЗАГЛАВИЕ В СТАНДАРТНОМ СОВРЕМЕННОМ ПРАВОПИСАНИИ
Основное заглавие, вариант заглавия или унифицированное заглавие Начальные основания деятельной врачебной науки
620 ## - МЕСТО И ДАТА ПУБЛИКАЦИИ, ИСПОЛНЕНИЯ И Т. Д.
Город Санкт-Петербург
700 #1 - ИМЯ ЛИЦА - ПЕРВИЧНАЯ ОТВЕТСТВЕННОСТЬ
Начальный элемент ввода Пекен
Часть имени, кроме начального элемента ввода М.Х.
Даты 1755-1819
Расширение инициалов личного имени Матвей Христианович
Код отношения Автор
712 01 - НАИМЕНОВАНИЕ ОРГАНИЗАЦИИ - ВТОРИЧНАЯ ОТВЕТСТВЕННОСТЬ
Код отношения Цензор
Начальный элемент ввода Россия
Структурное подразделение Медицинская коллегия
Идентификатор авторитетной/нормативной записи RU\NLR\AUTH\889934779
Системный номер авторитетной/нормативной записи 364584
712 02 - НАИМЕНОВАНИЕ ОРГАНИЗАЦИИ - ВТОРИЧНАЯ ОТВЕТСТВЕННОСТЬ
Код отношения Печатник (типограф)
Начальный элемент ввода Сухопутный шляхетный кадетский корпус
Идентифицирующий признак Петербург
Структурное подразделение Типография
Идентификатор авторитетной/нормативной записи RU\NLR\AUTH\880627501
Системный номер авторитетной/нормативной записи 2659869
801 #0 - ИСТОЧНИК ЗАПИСИ
Страна Российская Федерация
Организация NLR
Дата составления 19980622
852 ## - МЕСТОНАХОЖДЕНИЕ И ШИФР ХРАНЕНИЯ
Идентификатор организации NLR
Шифр хранения (Call Number) 18.7.5.5
899 ## - ДАННЫЕ О МЕСТОНАХОЖДЕНИИ (устаревшее)
Местонахождение РГБ
899 ## - ДАННЫЕ О МЕСТОНАХОЖДЕНИИ (устаревшее)
Местонахождение ВМА
899 ## - ДАННЫЕ О МЕСТОНАХОЖДЕНИИ (устаревшее)
Местонахождение БАН
899 ## - ДАННЫЕ О МЕСТОНАХОЖДЕНИИ (устаревшее)
Местонахождение МГУ
899 ## - ДАННЫЕ О МЕСТОНАХОЖДЕНИИ (устаревшее)
Местонахождение КостОУНБ
899 ## - ДАННЫЕ О МЕСТОНАХОЖДЕНИИ (устаревшее)
Местонахождение НГОНБ
942 ## - ДОПОЛНИТЕЛЬНЫЕ ЭЛЕМЕНТЫ ЗАПИСИ (АБИС)
Тип экземпляра АБИС Книга
980 ## - КОЛЛЕКЦИЯ
Название коллекции Национальная библиография
980 ## - КОЛЛЕКЦИЯ
Название коллекции Русская книга гражданской печати XVIII в. в библиотеках РФ

Нет доступных экземпляров.